Sports Quiz

Random Sports or Baseball Quiz

2011 Phillies Players Quiz Stats

 Plays Quiz not verified by Sporcle

Support Sporcle.
Go Orange.
Score 0/20 Timer 06:00
0 Plays Today
Number Name % Correct
6Ryan Howard
98.5%
26Chase Utley
98.1%
11Jimmy Rollins
93.5%
8Shane Victorino
93.1%
34Roy Halladay
90.4%
33Cliff Lee
88.5%
51Carlos Ruiz
86.2%
35Cole Hamels
85.8%
27Placido Polanco
81.9%
29Raul Ibanez
81.2%
Number Name % Correct
44Roy Oswalt
81.2%
54Brad Lidge
81.2%
56Joe Blanton
69.6%
46Ryan Madson
68.5%
9Domonic Brown
66.9%
10Ben Francisco
58.1%
38Kyle Kendrick
50%
16J.C. Romero
48.1%
21Wilson Valdez
43.8%
23Brian Schneider
42.3%

You're not logged in!

Compare scores with friends on all Sporcle quizzes.
OR
Log In

From the Vault

Connect 4: Common Bonds

by Purple_Parrot

Can you figure out the common ground between these overlapping foursomes?
Remove Ads.
Support Sporcle.
Get the best of Sporcle when you Go Orange. This ad-free experience offers more features, more stats, and more fun while also helping to support Sporcle. Thank you for becoming a member.

Show Comments

Extras

Top Quizzes Today


Score Distribution

Your Account Isn't Verified!

In order to create a playlist on Sporcle, you need to verify the email address you used during registration. Go to your Sporcle Settings to finish the process.

Report this User

Report this user for behavior that violates our Community Guidelines.

Details: